|
|
|
|
| LEADER |
00564nam a2200121Ia 4500 |
| 008 |
111205s9999 xx 000 0 eng d |
| 100 |
|
|
|a Unithiri N.V.P
|
| 245 |
|
|
|a Indian Scientific Traditions (Prof. K.N.N Elayath Felicitation Volume)
|c Unithiri N.V.P
|
| 260 |
|
|
|b Publication Division, University of Calicut
|a Publication Division, University of Calicut
|c 2003
|
| 300 |
|
|
|a 360
|
| 942 |
|
|
|c BK
|
| 999 |
|
|
|c 219703
|d 219703
|
| 952 |
|
|
|0 0
|1 0
|2 ddc
|4 0
|6 E_615_537000000000000_UNI_I
|7 0
|9 242692
|a MAL
|b MAL
|c ST1
|d 2011-12-05
|g 200.00
|l 0
|o E 615.537 UNI/I
|p MAL27442
|r 2011-12-05
|v 200.00
|w 2011-12-05
|y BK
|